| 000 | 00477cam a2200181ua 4500 | ||
|---|---|---|---|
| 020 | _a0-08-029145-7 | ||
| 041 |
_aeng _h |
||
| 082 |
_a510.2462 _bCHI/CO |
||
| 100 | _aChirgwin, B H . | ||
| 245 |
_aCourse of mathematics for engineers and scientists, Vol 2 / _cB H Chirgwin. _hTextual Documents |
||
| 250 |
_a1 / _b. |
||
| 260 |
_aOxford : _bPergamon Press , _c1982. |
||
| 300 | _a533 ; . | ||
| 504 | _a | ||
| 700 | 1 | _aPlumpton, C . | |
| 942 | _cBK | ||
| 999 |
_c5279 _d5279 |
||